Central Library OPAC University of Rajshahi

The turn of a century : (Record no. 65082)

MARC details
000 -LEADER
fixed length control field 00854nam a2200265 a 4500
001 - CONTROL NUMBER
control field 65082
003 - CONTROL NUMBER IDENTIFIER
rucl marc code BD-RjUL
005 - DATE AND TIME OF LATEST TRANSACTION
control field 20211209081402.0
008 - FIXED-LENGTH DATA ELEMENTS--GENERAL INFORMATION
fixed length control field 170226r1974 enk b 001 0 eng
020 ## - INTERNATIONAL STANDARD BOOK NUMBER
International Standard Book Number 0333146360
035 ## - SYSTEM CONTROL NUMBER
System control number (BD-RjUL)65212
040 ## - CATALOGING SOURCE
Original cataloging agency DLC
Transcribing agency DLC
Modifying agency BD-RjUL
Language of cataloging eng
041 ## - LANGUAGE CODE
Language code of text/sound track or separate title eng
082 00 - DEWEY DECIMAL CLASSIFICATION NUMBER
Classification number 820.9008
Edition number 23
Author mark and year BET 1974
100 1# - MAIN ENTRY--PERSONAL NAME
Personal name Bergonzi, Bernard.
9 (RLIN) 192819
245 14 - TITLE STATEMENT
Title The turn of a century :
Remainder of title essays on Victorian and modern English literature.
Statement of responsibility, etc. Bernard Bergonzi
260 ## - PUBLICATION, DISTRIBUTION, ETC. (IMPRINT)
Place of publication, distribution, etc. London :
Name of publisher, distributor, etc. Macmillan,
Date of publication, distribution, etc. 1974.
300 ## - PHYSICAL DESCRIPTION
Pagination x, 222 p. ;
Size 23 cm.
350 ## - PRICE (NR) (BK AM CF MU VM SE) [OBSOLETE]
Price £4.25
504 ## - BIBLIOGRAPHY, ETC. NOTE
Bibliography, etc Includes bibliographical references.
650 #0 - SUBJECT ADDED ENTRY--TOPICAL TERM
Topical term or geographic name as entry element English literature
Chronological subdivision 19th century
General subdivision History and criticism.
9 (RLIN) 185570
Topical term or geographic name as entry element English literature
Chronological subdivision 20th century
General subdivision History and criticism.
9 (RLIN) 192820
942 ## - ADDED ENTRY ELEMENTS (KOHA)
Source of classification or shelving scheme Dewey Decimal Classification
Koha item type Books
Holdings
Lost status Source of classification or shelving scheme Damaged status Not for loan Collection code Permanent Location Current Location Shelving location Date acquired Source of acquisition Cost, normal purchase price Total Checkouts Full call number Date last seen Copy number Koha item type
  Dewey Decimal Classification   Not For Loan Non-fiction Central Library, University of Rajshahi Central Library, University of Rajshahi Reading Room 07/06/1975 Jonathan Wren and co., London 4.25   820.9008 BET 1974 26/02/2017 C-1 Books